Chodská kuchyně /

Hlavní autor: Vašák, Jaroslav, 1947-
Jazyk: Čeština
Vydáno: Praha : Ikar, 2012
Vydání: Vyd. 1.
Edice: Krajové speciality
Témata:
Fyzický popis: 151 s. : il. ; 21 cm
Knihy
Uloženo v:
LEADER 01453nam a2200445 a 4500
001 nkc20122412425
003 CZ PrNK
005 20130405100324.0
007 ta
008 121023s2012 xr a e f 001 0 cze
015 |a cnb002412425 
020 |a 978-80-249-2051-1  |q (váz.) 
035 |a (OCoLC)829661083 
040 |a OLA001  |b cze 
043 |a e-xr---  |b e-xr-pl  |2 czenas 
072 7 |a 641  |x Kuchařství. Potraviny. Vařená jídla  |2 Konspekt  |9 19 
080 |a 641.568(437.3)  |2 MRF 
080 |a (437.317)  |2 MRF 
080 |a (083.12)  |2 MRF 
100 1 |a Vašák, Jaroslav,  |d 1947-  |7 jn20000810138  |4 aut 
245 1 0 |a Chodská kuchyně /  |c Jaroslav Vašák 
250 |a Vyd. 1. 
260 |a Praha :  |b Ikar,  |c 2012 
300 |a 151 s. :  |b il. ;  |c 21 cm 
490 1 |a Krajové speciality 
500 |a Terminologický slovník 
504 |a Obsahuje bibliografii, bibliografické odkazy a rejstříky 
650 0 7 |a česká jídla  |7 ph116856  |2 czenas 
650 0 9 |a Czech cookery  |2 eczenas 
655 7 |a kuchařské recepty  |7 fd132687  |2 czenas 
655 9 |a cookbooks  |2 eczenas 
651 7 |a Chodsko (Česko)  |7 ge128936  |2 czenas 
651 9 |a Chodsko (Czechia)  |2 eczenas 
830 0 |a Krajové speciality  |0 s 
910 2 |a BOA001  |b 2-1299.286 
928 9 |a Euromedia Group - Ikar 
990 |a BK 
995 |a 01 
991 |b 201302  |c NOV  |e n 
996 6 |b 2610537911  |c 2-1299.286  |l MZK  |r Sklad / do 1 hodiny  |n 1  |p p.v.  |w 001312087  |u 000010  |a 1  |e BOA001  |j MZK50  |s P